Vector analysis with applications (Record no. 5838)

000 -LEADER
fixed length control field 00528nam a22002051 4500
001 - CONTROL NUMBER
control field 5838
003 - CONTROL NUMBER IDENTIFIER
control field BD-DhUET
008 - FIXED-LENGTH DATA ELEMENTS--GENERAL INFORMATION
fixed length control field 861017s1932 enka 000 0 eng c
020 ## - INTERNATIONAL STANDARD BOOK NUMBER
International Standard Book Number 8122405487
040 ## - CATALOGING SOURCE
Original cataloging agency DLC/ICU
Transcribing agency CGU
Modifying agency BD-DhUET
082 0# - DEWEY DECIMAL CLASSIFICATION NUMBER
Classification number 516.83
Item number ALI/1993
100 ## - MAIN ENTRY--PERSONAL NAME
Personal name Ali Ashraf, Md.
245 10 - TITLE STATEMENT
Title Vector analysis with applications
250 ## - EDITION STATEMENT
Edition statement 3rd ed.
260 ## - PUBLICATION, DISTRIBUTION, ETC. (IMPRINT)
Place of publication, distribution, etc. New Delhi
Name of publisher, distributor, etc. Wiley Eastern
Date of publication, distribution, etc. 1993
300 ## - PHYSICAL DESCRIPTION
Extent xv,308p.
Other physical details ill.
Dimensions 23 cm.
504 ## - BIBLIOGRAPHY, ETC. NOTE
Bibliography, etc Includes bibliographies
650 #0 - SUBJECT ADDED ENTRY--TOPICAL TERM
Topical term or geographic name as entry element Vector analysis
942 ## - ADDED ENTRY ELEMENTS (KOHA)
Koha item type General Book
Holdings
Lost status Withdrawn status Not for loan Koha renewals Koha issues (times borrowed) Source of classification or shelving scheme Copy number Sublocation or collection (holding branch) Damaged status Piece designation (barcode) Koha full call number Koha date last borrowed Koha normalized classification for sorting Price effective from Koha item type Koha date last seen Koha out on loan Date acquired Shelving location Location (home branch)
    3 8Central Library, BUET 87531516.83/ALI/19932022-12-13516_830000000000000_ALI_19932014-11-29General Book2022-12-132022-12-272014-11-29Circulation sectionCentral Library, BUET
   113 2Central Library, BUET 87528516.83/ALI/19982025-04-29516_830000000000000_ALI_19982014-12-21General Book2025-05-13 2014-12-21Circulation sectionCentral Library, BUET
      3Central Library, BUET 87530516.83/ALI/1998 516_830000000000000_ALI_19982015-01-27General Book2016-04-02 2015-01-27Circulation sectionCentral Library, BUET
    6 4Central Library, BUET 48783516.83/ALI/19982022-12-13516_830000000000000_ALI_19982015-01-31General Book2025-11-30 2015-01-31Circulation sectionCentral Library, BUET
    5 1Central Library, BUET 94102516.83/ALI/19982020-01-05516_830000000000000_ALI_19982015-02-11General Book2020-11-03 2015-02-11Circulation sectionCentral Library, BUET
    8 7Central Library, BUET 87525516.83/ALI/19932024-04-02516_830000000000000_ALI_19932015-04-11General Book2025-11-18 2015-04-11Circulation sectionCentral Library, BUET
    6 6Central Library, BUET 87526516.83/ALI/19932023-09-27516_830000000000000_ALI_19932015-04-23General Book2025-11-29 2015-04-23Circulation sectionCentral Library, BUET
    2 7Central Library, BUET 87529516.83/ALI/19932022-03-30516_830000000000000_ALI_19932015-05-03General Book2022-05-25 2015-05-03Circulation sectionCentral Library, BUET
      9Central Library, BUET 87550516.83/ALI/1993 516_830000000000000_ALI_19932015-06-07Reading Item2015-06-07 2015-06-07Reading sectionCentral Library, BUET
      10Central Library, BUET 92374516.83/ALI/1993 516_830000000000000_ALI_19932015-06-07Reading Item2015-06-07 2015-06-07Reading sectionCentral Library, BUET
      12Central Library, BUET 94100516.83/ALI/1993 516_830000000000000_ALI_19932015-06-08Reading Item2015-06-08 2015-06-08Reading sectionCentral Library, BUET
      13Central Library, BUET 87551516.83/ALI/1993 516_830000000000000_ALI_19932015-06-14Reading Item2015-06-14 2015-06-14Reading sectionCentral Library, BUET
      14Central Library, BUET 87527516.83/ALI/1993 516_830000000000000_ALI_19932015-09-02General Book2017-03-04 2015-09-02Circulation sectionCentral Library, BUET